[Event "RA Active ch"]
[Site "Ottawa CAN"]
[Date "2001.12.06"]
[Round "2"]
[White "Pagayatan, Noel"]
[Black "Veltmann, Alfred"]
[Result "1-0"]
[WhiteElo "1983"]
[BlackElo "1738"]
[PlyCount "54"]
[GameId "2160767911484819"]
[EventDate "2001.12.06"]
[EventType "swiss"]
[EventRounds "6"]
[EventCountry "CAN"]

1. e4 e5 2. Nf3 Nc6 3. Bb5 Nf6 4. O-O Nxe4 5. Re1 Nd6 6. Nxe5 Be7 7. Ba4 O-O 8. c3 Nxe5 9. Rxe5 Bf6 10. Re1 Re8 11. d4 Rxe1+ 12. Qxe1 Qe7 13. Qd1 Nf5 14. Nd2 d5 15. Nf3 Nd6 16. Bc2 Bf5 17. Bf4 Bxc2 18. Qxc2 c6 19. Re1 Qd7 20. Ne5 Qd8 21. h3 g6 22. Qb3 a5 23. Ng4 b5 24. Qc2 Bg7 25. Qe2 Rc8 26. Nh6+ Kf8 27. Qf3 Ne4 1-0

[Event "RA Active ch"]
[Site "Ottawa CAN"]
[Date "2001.12.13"]
[Round "3"]
[White "Pacey, Kevin"]
[Black "Peev, Pavel"]
[Result "1-0"]
[WhiteElo "2249"]
[BlackElo "1904"]
[PlyCount "49"]
[GameId "2160767911484820"]
[EventDate "2001.12.06"]
[EventType "swiss"]
[EventRounds "6"]
[EventCountry "CAN"]

1. e4 c5 2. Nf3 d6 3. d4 cxd4 4. Qxd4 Nc6 5. Bb5 Bd7 6. Bxc6 Bxc6 7. c4 Nf6 8. Nc3 e6 9. O-O Be7 10. b3 O-O 11. Bb2 a6 12. a4 b6 13. Rfe1 Qc7 14. Nd2 Rfd8 15. Qe3 Rd7 16. Rac1 Qb7 17. Qh3 b5 18. axb5 axb5 19. Nd5 Bxd5 20. exd5 e5 21. Ne4 Ra2 22. Nxf6+ Bxf6 23. c5 dxc5 24. Bxe5 Bxe5 25. Rxe5 1-0

[Event "RA Active ch"]
[Site "Ottawa CAN"]
[Date "2001.12.13"]
[Round "3"]
[White "Veltmann, Alfred"]
[Black "Archambault, Serge"]
[Result "0-1"]
[WhiteElo "1738"]
[BlackElo "1855"]
[PlyCount "88"]
[GameId "2160767911484821"]
[EventDate "2001.12.06"]
[EventType "swiss"]
[EventRounds "6"]
[EventCountry "CAN"]

1. e4 c5 2. Nf3 Nc6 3. d4 cxd4 4. Nxd4 e5 5. Nb5 d6 6. Bc4 a6 7. N5c3 Nf6 8. a4 Be7 9. Nd2 O-O 10. O-O Be6 11. Nd5 Bxd5 12. exd5 Nb4 13. Nf3 Qa5 14. Bd2 Qc5 15. Bxb4 Qxc4 16. Ba3 Qe4 17. c3 Nxd5 18. Nd2 Qd3 19. Nf3 Nf4 20. Nxe5 dxe5 21. Bxe7 Qe4 22. Qf3 Qxf3 23. gxf3 Rfe8 24. Bc5 Rad8 25. Rfd1 f5 26. c4 Kf7 27. Rd6 Rxd6 28. Bxd6 Ke6 29. Rd1 Ne2+ 30. Kg2 Rd8 31. c5 b6 32. b4 a5 33. Re1 bxc5 34. bxc5 Nf4+ 35. Kf1 Ng6 36. Rb1 Ne7 37. Re1 Nc6 38. Ke2 g5 39. Kd3 Kd5 40. Kc3 Re8 41. Rd1+ Nd4 42. h3 Re6 43. Kd3 Nxf3 44. Ke3+ Nd4 0-1

[Event "RA Active ch"]
[Site "Ottawa CAN"]
[Date "2001.12.13"]
[Round "4"]
[White "Patterson, Roger"]
[Black "Pacey, Kevin"]
[Result "0-1"]
[WhiteElo "2114"]
[BlackElo "2249"]
[PlyCount "73"]
[GameId "2160767911484822"]
[EventDate "2001.12.06"]
[EventType "swiss"]
[EventRounds "6"]
[EventCountry "CAN"]

1. e4 d6 2. d4 Nf6 3. Nc3 g6 4. f4 Bg7 5. Nf3 O-O 6. Bd3 Nc6 7. O-O Bg4 8. Ne2 Nb4 9. Ng3 Nh5 10. c3 Nxd3 11. Qxd3 Nxg3 12. hxg3 e5 13. f5 exd4 14. Nh2 dxc3 15. Nxg4 cxb2 16. Bxb2 Bxb2 17. f6 Bxa1 18. Qd2 Kh8 19. Rxa1 Qd7 20. Qh6 Rg8 21. Kf2 Qxg4 22. Rh1 Qh5 23. Rxh5 gxh5 24. e5 dxe5 25. Qxh5 Rg6 26. Qxe5 c5 27. g4 Rxg4 28. Qe7 Kg8 29. Kf3 Rg6 30. g4 h6 31. Kf4 c4 32. Kf5 b6 33. Qc7 Rg5+ 34. Kf4 Rc5 35. Qb7 Rac8 36. g5 hxg5+ 37. Kg4 0-1

[Event "RA Active ch"]
[Site "Ottawa CAN"]
[Date "2001.12.13"]
[Round "4"]
[White "Smith, Eric"]
[Black "Veltmann, Alfred"]
[Result "1-0"]
[WhiteElo "2050"]
[BlackElo "1738"]
[PlyCount "73"]
[GameId "2160767911484823"]
[EventDate "2001.12.06"]
[EventType "swiss"]
[EventRounds "6"]
[EventCountry "CAN"]

1. e4 e5 2. Nf3 Nc6 3. d4 exd4 4. c3 Nf6 5. e5 Qe7 6. cxd4 Ne4 7. Bd3 Qb4+ 8. Kf1 d5 9. exd6 Nxd6 10. Qe2+ Be7 11. a3 Qa5 12. b4 Qd5 13. Nc3 Qe6 14. Qxe6 fxe6 15. Bf4 O-O 16. g3 Bf6 17. Rd1 Ne7 18. Kg2 Nd5 19. Nxd5 exd5 20. Bxd6 cxd6 21. h3 Bd7 22. Bb1 Ba4 23. Rc1 Bb3 24. g4 h6 25. h4 Kf7 26. Rc7+ Be7 27. Re1 Rfe8 28. h5 Rac8 29. Bg6+ Kf8 30. Rxb7 Rb8 31. Rxa7 Ra8 32. Rc7 Rac8 33. Rec1 Rxc7 34. Rxc7 Ra8 35. b5 Bf6 36. b6 Rb8 37. b7 1-0

[Event "RA Active ch"]
[Site "Ottawa CAN"]
[Date "2001.12.20"]
[Round "5"]
[White "Pacey, Kevin"]
[Black "Pagayatan, Noel"]
[Result "1-0"]
[WhiteElo "2249"]
[BlackElo "2050"]
[PlyCount "39"]
[GameId "2160767911484824"]
[EventDate "2001.12.06"]
[EventType "swiss"]
[EventRounds "6"]
[EventCountry "CAN"]

1. e4 e5 2. Nf3 Nc6 3. Bc4 Bc5 4. b4 Bxb4 5. c3 Ba5 6. d4 exd4 7. Qb3 Qe7 8. O-O dxc3 9. Nxc3 Bxc3 10. Qxc3 f6 11. Re1 d6 12. Qb3 Nh6 13. Bxh6 gxh6 14. Nh4 Kf8 15. Nf5 Qe5 16. Qe3 Ne7 17. Qxh6+ Ke8 18. Qg7 Rf8 19. f4 Nxf5 20. exf5 1-0

[Event "RA Active ch"]
[Site "Ottawa CAN"]
[Date "2001.12.20"]
[Round "5"]
[White "Veltmann, Alfred"]
[Black "Litchfield, Gerry"]
[Result "1-0"]
[WhiteElo "1738"]
[BlackElo "1667"]
[PlyCount "41"]
[GameId "2160767911484825"]
[EventDate "2001.12.06"]
[EventType "swiss"]
[EventRounds "6"]
[EventCountry "CAN"]

1. e4 e5 2. Nf3 d6 3. d4 Nf6 4. Nc3 Nbd7 5. Bc4 Be7 6. Bg5 h6 7. Bh4 O-O 8. Qd2 c6 9. dxe5 dxe5 10. Bg3 Qc7 11. a4 Bb4 12. O-O Nxe4 13. Qe3 Nxg3 14. hxg3 Re8 15. Ne4 Nf8 16. Rad1 Be6 17. Bd3 Nh7 18. Nc5 Bxc5 19. Qxc5 Bd5 20. Bxh7+ Kxh7 21. Rxd5 1-0

[Event "RA Active ch"]
[Site "Ottawa CAN"]
[Date "2001.12.20"]
[Round "6"]
[White "De Kerpel, Stijn"]
[Black "Pacey, Kevin"]
[Result "0-1"]
[WhiteElo "2150"]
[BlackElo "2249"]
[PlyCount "56"]
[GameId "2160767911484826"]
[EventDate "2001.12.06"]
[EventType "swiss"]
[EventRounds "6"]
[EventCountry "CAN"]

1. c4 f5 2. g3 Nf6 3. Bg2 g6 4. Nc3 Bg7 5. d3 O-O 6. e4 fxe4 7. dxe4 d6 8. Nge2 Be6 9. b3 Nbd7 10. O-O c6 11. Be3 Ng4 12. Bd2 Rxf2 13. Rxf2 Qb6 14. Be1 Rf8 15. Na4 Nxf2 16. Nxb6 Nxd1 17. Rxd1 axb6 18. Bf2 Bg4 19. Rd2 Ne5 20. Bxb6 c5 21. Rc2 Nd3 22. Ba5 Bxe2 23. Rxe2 Bd4+ 24. Kh1 Ra8 25. Bc7 Nc1 26. Rc2 Nxa2 27. e5 Nb4 28. exd6 Ra1+ 0-1

[Event "RA Active ch"]
[Site "Ottawa CAN"]
[Date "2001.12.20"]
[Round "6"]
[White "Zare, Mehrdad"]
[Black "Veltmann, Alfred"]
[Result "1/2-1/2"]
[WhiteElo "1595"]
[BlackElo "1738"]
[PlyCount "80"]
[GameId "2160767911484827"]
[EventDate "2001.12.06"]
[EventType "swiss"]
[EventRounds "6"]
[EventCountry "CAN"]

1. c4 e5 2. Nc3 Nf6 3. d3 Nc6 4. Nf3 d5 5. cxd5 Nxd5 6. Bd2 Be7 7. a3 a5 8. g3 O-O 9. Bg2 Be6 10. O-O Bf6 11. Rc1 g6 12. Ne4 Be7 13. Bg5 f6 14. Be3 Nxe3 15. fxe3 Qd5 16. Nc3 Qb3 17. Qxb3 Bxb3 18. Nd2 Be6 19. Nb5 Bg4 20. Rfe1 Bd6 21. Ne4 Rad8 22. h3 Be6 23. Rf1 Kg7 24. g4 Bd5 25. Nexd6 Bxg2 26. Kxg2 cxd6 27. Nc7 Kf7 28. g5 f5 29. e4 Ne7 30. exf5 gxf5 31. e4 f4 32. Nd5 Rc8 33. Kf3 Nxd5 34. exd5 b5 35. Kg4 Rc5 36. Rxc5 dxc5 37. h4 Rd8 38. h5 Rxd5 39. Kf5 Rxd3 40. g6+ Kg8 1/2-1/2

[Event "RA Autumn Frost"]
[Site "Ottawa CAN"]
[Date "2001.11.01"]
[Round "1"]
[White "Veltmann, Alfred"]
[Black "Lemay, Francois"]
[Result "0-1"]
[WhiteElo "1804"]
[BlackElo "1898"]
[PlyCount "104"]
[GameId "2160767911484975"]
[EventDate "2001.11.01"]
[EventType "tourn"]
[EventRounds "5"]
[EventCountry "CAN"]

1. e4 b6 2. g3 Bb7 3. Bg2 Nf6 4. Nc3 e6 5. Nge2 Nc6 6. O-O d5 7. exd5 Nxd5 8. Nxd5 exd5 9. d4 Be7 10. c3 Qd7 11. Nf4 Na5 12. Qf3 c6 13. Re1 O-O 14. Bh3 Qc7 15. Nd3 Bd6 16. Bf4 Bxf4 17. Qxf4 Qxf4 18. Nxf4 Bc8 19. Re7 Bxh3 20. Nxh3 Rfe8 21. Rae1 Kf8 22. Rxe8+ Rxe8 23. Rxe8+ Kxe8 24. b3 Nb7 25. Nf4 Nd6 26. Ne2 a5 27. a4 Ne4 28. f3 Nd2 29. Kf2 Nxb3 30. Ke3 Ke7 31. Kd3 b5 32. axb5 cxb5 33. Kc2 a4 34. Nf4 Kd6 35. Nd3 Na5 36. Nb4 Nc4 37. Kd3 g5 38. g4 Ke6 39. h3 h6 40. Ke2 a3 41. Kd3 f5 42. Na2 fxg4 43. hxg4 Kf6 44. Ke2 Kg6 45. Kf2 h5 46. gxh5+ Kxh5 47. Kg3 Kg6 48. f4 Nd2 49. fxg5 Nb1 50. Kf3 Nxc3 51. Nxc3 b4 52. Na2 b3 0-1

[Event "RA Autumn Frost"]
[Site "Ottawa CAN"]
[Date "2001.11.07"]
[Round "2"]
[White "Roy, Larry"]
[Black "Veltmann, Alfred"]
[Result "0-1"]
[WhiteElo "1830"]
[BlackElo "1804"]
[PlyCount "52"]
[GameId "2160767911484976"]
[EventDate "2001.11.01"]
[EventType "tourn"]
[EventRounds "5"]
[EventCountry "CAN"]

1. Nf3 Nf6 2. c4 b6 3. Nc3 Ba6 4. b3 Nc6 5. d4 d5 6. e3 e6 7. cxd5 Bxf1 8. dxe6 Ba6 9. exf7+ Kxf7 10. Ne5+ Nxe5 11. Ne4 Nd3+ 12. Kd2 Nxe4+ 13. Kc2 Nb4+ 14. Kb2 Qf6 15. f4 c5 16. g4 cxd4 17. Qxd4 Qxd4+ 18. exd4 Nd3+ 19. Kb1 Bb4 20. a3 Bc3 21. Ra2 Bxd4 22. Bb2 Nxb2 23. Rxb2 Bxb2 24. Kxb2 Rhd8 25. b4 Bc4 26. Ka1 Rd2 0-1

[Event "RA Autumn Frost"]
[Site "Ottawa CAN"]
[Date "2001.11.15"]
[Round "3"]
[White "Veltmann, Alfred"]
[Black "Huband, Ken"]
[Result "1-0"]
[WhiteElo "1804"]
[BlackElo "1740"]
[PlyCount "97"]
[GameId "2160767911484977"]
[EventDate "2001.11.01"]
[EventType "tourn"]
[EventRounds "5"]
[EventCountry "CAN"]

1. e4 e5 2. Nf3 Nc6 3. Bb5 a6 4. Ba4 Nf6 5. O-O Be7 6. Re1 b5 7. Bb3 d6 8. h3 O-O 9. c3 Nd7 10. d4 Bf6 11. Be3 Na5 12. Nbd2 Nxb3 13. axb3 Bb7 14. d5 c6 15. c4 cxd5 16. exd5 Re8 17. Ne4 Be7 18. Nfg5 Nf6 19. Nxf6+ Bxf6 20. Ne4 Be7 21. Qd2 Qd7 22. f4 f5 23. Nc3 Bf6 24. Red1 e4 25. Ne2 Rac8 26. Rdc1 bxc4 27. bxc4 Rb8 28. Bd4 Bxd4+ 29. Nxd4 Bc8 30. Ra2 Qa7 31. Kf1 Bd7 32. b4 Qc7 33. Rac2 Qb7 34. Rb2 Rec8 35. Qe2 Rf8 36. Ke1 Rfe8 37. Qe3 Rbc8 38. Rc3 Rc7 39. Nc2 Rec8 40. Qd4 Be8 41. Ne3 g6 42. Rcc2 Bf7 43. g4 fxg4 44. hxg4 Re7 45. f5 Qd7 46. c5 dxc5 47. bxc5 Qe8 48. c6 a5 49. d6 1-0

[Event "RA Autumn Frost"]
[Site "Ottawa CAN"]
[Date "2001.11.22"]
[Round "4"]
[White "Veltmann, Alfred"]
[Black "Burgess, Doug"]
[Result "1/2-1/2"]
[WhiteElo "1804"]
[BlackElo "1784"]
[PlyCount "91"]
[GameId "2160767911484978"]
[EventDate "2001.11.01"]
[EventType "tourn"]
[EventRounds "5"]
[EventCountry "CAN"]

1. e4 d5 2. exd5 Nf6 3. d4 Nxd5 4. Nf3 Bf5 5. Bd3 Bxd3 6. Qxd3 Nc6 7. a3 g6 8. O-O Bg7 9. c3 O-O 10. Bg5 Nf6 11. Nbd2 h6 12. Bf4 Nh5 13. Bg3 Nxg3 14. hxg3 Re8 15. Qe4 e5 16. d5 Ne7 17. c4 c6 18. dxc6 Nxc6 19. Rad1 Qc7 20. b4 a6 21. c5 Rad8 22. Nc4 f5 23. Qc2 e4 24. Nfd2 Nd4 25. Qa2 Kh7 26. Nd6 Re7 27. N2c4 Nb5 28. Nxb5 axb5 29. Ne3 Red7 30. Qe2 Qc6 31. Rxd7 Rxd7 32. Rd1 Rxd1+ 33. Qxd1 h5 34. Nc2 Kg8 35. Qe2 b6 36. cxb6 Qxb6 37. Qd2 Bf6 38. Kf1 Kf7 39. Qd5+ Ke7 40. Ke2 Bb2 41. Qb3 Bg7 42. a4 bxa4 43. Qxa4 Bc3 44. Qb3 Qb5+ 45. Ke3 Qb6+ 46. Ke2 1/2-1/2

[Event "RA Autumn Frost"]
[Site "Ottawa CAN"]
[Date "2001.11.29"]
[Round "5"]
[White "Van Dusen, Eric"]
[Black "Veltmann, Alfred"]
[Result "0-1"]
[WhiteElo "1836"]
[BlackElo "1804"]
[PlyCount "112"]
[GameId "2160767911484979"]
[EventDate "2001.11.01"]
[EventType "tourn"]
[EventRounds "5"]
[EventCountry "CAN"]

1. d4 Nf6 2. Nf3 e6 3. e3 c5 4. Bd3 d5 5. b3 Nc6 6. Bb2 b6 7. Nbd2 Bb7 8. O-O Be7 9. Ne5 O-O 10. f4 Ne8 11. Ndf3 f6 12. Ng4 Bd6 13. c4 Ne7 14. Qc2 h5 15. Nf2 f5 16. Be2 Nf6 17. Ng5 Qd7 18. Rae1 g6 19. dxc5 bxc5 20. Nd3 Rac8 21. Ne5 Bxe5 22. Bxe5 Nc6 23. Bc3 Ne4 24. Nxe4 dxe4 25. Rd1 Qe7 26. Ba1 Rfd8 27. Qc3 Kh7 28. Qf6 Qxf6 29. Bxf6 Rxd1 30. Rxd1 Rc7 31. h3 Kg8 32. g4 Kf7 33. Bg5 hxg4 34. hxg4 Bc8 35. Kf2 Rd7 36. Rh1 Kg7 37. Bh6+ Kg8 38. Bf8 Ne7 39. Bxe7 Rxe7 40. Rd1 Rd7 41. Rxd7 Bxd7 42. g5 Kf7 43. Ke1 Ke7 44. Kd2 Kd6 45. Kc3 Kc6 46. a3 Kb6 47. Bd1 Bc6 48. b4 Bd7 49. Kb3 a5 50. b5 Bc8 51. Kc3 Bd7 52. Kb3 Bc8 53. Bh5 gxh5 54. g6 e5 55. fxe5 Be6 56. Kc3 h4 0-1

[Event "RA Introductory Active"]
[Site "Ottawa CAN"]
[Date "2001.09.06"]
[Round "1"]
[White "Holmes, Mike"]
[Black "Pacey, Kevin"]
[Result "0-1"]
[WhiteElo "1670"]
[BlackElo "2240"]
[PlyCount "88"]
[GameId "2160767911485319"]
[EventDate "2001.09.06"]
[EventType "swiss (rapid)"]
[EventRounds "6"]
[EventCountry "CAN"]

1. e4 e5 2. Nf3 Nc6 3. Nc3 Bc5 4. Bc4 Nf6 5. O-O d6 6. h3 h6 7. d3 Na5 8. Be3 Nxc4 9. Bxc5 Nxb2 10. Qc1 dxc5 11. Qxb2 Nd7 12. Nd5 c6 13. Ne3 f6 14. Qb3 Nf8 15. Nf5 Bxf5 16. exf5 Qb6 17. Qc4 Qb4 18. a4 Qxc4 19. dxc4 g6 20. Nh4 g5 21. Nf3 O-O-O 22. Rad1 Rh7 23. Rxd8+ Kxd8 24. Rd1+ Rd7 25. Rxd7+ Nxd7 26. a5 b6 27. axb6 a5 28. Nd2 a4 29. Kf1 a3 30. Ke2 Nxb6 31. Kd3 Na4 32. c3 a2 33. Nb3 Nb2+ 34. Kc2 Nxc4 35. g4 e4 36. Na1 Ne5 37. Kb2 Nd3+ 38. Kxa2 Nxf2 39. Nb3 e3 40. Nc1 Nxh3 41. Kb3 Nf4 42. Kc2 c4 43. Kd1 Ke8 44. Ne2 h5 0-1

[Event "RA Introductory Active"]
[Site "Ottawa CAN"]
[Date "2001.09.06"]
[Round "2"]
[White "Pacey, Kevin"]
[Black "Hardie, Mackenzie"]
[Result "1-0"]
[WhiteElo "2240"]
[BlackElo "1478"]
[PlyCount "61"]
[GameId "2160767911485320"]
[EventDate "2001.09.06"]
[EventType "swiss (rapid)"]
[EventRounds "6"]
[EventCountry "CAN"]

1. Nf3 Nf6 2. c4 d6 3. g3 g6 4. Bg2 Bg7 5. O-O O-O 6. Nc3 Nc6 7. d3 e5 8. Rb1 Bg4 9. b4 Qc8 10. b5 Bxf3 11. Bxf3 Nd4 12. Bg2 Nd7 13. Nd5 Qd8 14. a4 Ne6 15. a5 Rb8 16. Be3 b6 17. Nb4 Qe8 18. Nc6 Ra8 19. Qd2 f5 20. Bh6 f4 21. Bxg7 Kxg7 22. Ra1 Qf7 23. axb6 cxb6 24. Nxa7 Ndc5 25. Bxa8 Rxa8 26. Nc6 f3 27. Rxa8 Qf5 28. Ra7+ Kh8 29. Qh6 Nd7 30. Rxd7 fxe2 31. Qxh7# 1-0

[Event "RA Introductory Active"]
[Site "Ottawa CAN"]
[Date "2001.09.06"]
[Round "3"]
[White "Sarkar, Prosanto"]
[Black "Pacey, Kevin"]
[Result "0-1"]
[WhiteElo "2264"]
[BlackElo "2240"]
[PlyCount "80"]
[GameId "2160767911485321"]
[EventDate "2001.09.06"]
[EventType "swiss (rapid)"]
[EventRounds "6"]
[EventCountry "CAN"]

1. Nf3 c5 2. e4 d6 3. c3 Nf6 4. Be2 Nbd7 5. d3 g6 6. O-O Bg7 7. Nbd2 O-O 8. Re1 b6 9. d4 Bb7 10. d5 Re8 11. Bf1 Qc7 12. a4 h6 13. Qc2 e6 14. dxe6 Rxe6 15. Bc4 d5 16. exd5 Rxe1+ 17. Nxe1 Bxd5 18. Bxd5 Nxd5 19. Nf1 Re8 20. Bd2 c4 21. Rd1 N7f6 22. Nf3 a6 23. Be3 Ng4 24. Bd4 Nf4 25. Ne3 Nxe3 26. Bxe3 Nd3 27. b3 b5 28. axb5 axb5 29. Nd4 Qb7 30. Rb1 Qd5 31. bxc4 bxc4 32. h3 Qe4 33. Qa2 h5 34. Qxc4 Nxf2 35. Rf1 Nxh3+ 36. gxh3 Qxe3+ 37. Kg2 Qe4+ 38. Rf3 Re7 39. Qc8+ Kh7 40. Qc5 Rb7 0-1

[Event "RA Rats"]
[Site "Ottawa CAN"]
[Date "2001.04.05"]
[Round "1.1"]
[White "Pacey, Kevin"]
[Black "Patterson, Roger"]
[Result "0-1"]
[WhiteElo "2240"]
[BlackElo "2114"]
[PlyCount "66"]
[GameId "2160767911565053"]
[EventDate "2001.04.05"]
[EventType "swiss (rapid)"]
[EventRounds "6"]
[EventCountry "CAN"]

1. e4 c5 2. Nf3 d6 3. d4 cxd4 4. Nxd4 Nf6 5. Nc3 e6 6. Be3 Nc6 7. Be2 Be7 8. O-O O-O 9. f4 Qc7 10. Qe1 Nxd4 11. Bxd4 e5 12. Be3 Bd7 13. Qg3 Bc6 14. f5 Rfe8 15. Kh1 Nxe4 16. Nxe4 Bxe4 17. f6 Bf8 18. fxg7 Bxg7 19. Bh6 Bg6 20. Bxg7 Kxg7 21. h4 Kh8 22. h5 Be4 23. Qh4 f5 24. Bd3 Bxd3 25. cxd3 f4 26. Qf6+ Qg7 27. Qxd6 Rad8 28. Qa3 Rg8 29. Rf2 Qg3 30. Qe7 Qg5 31. Qxb7 Rxd3 32. Qa6 Qh4+ 33. Kg1 Rh3 0-1

[Event "RA Rats"]
[Site "Ottawa CAN"]
[Date "2001.04.05"]
[Round "1.2"]
[White "Patterson, Roger"]
[Black "Pacey, Kevin"]
[Result "0-1"]
[WhiteElo "2117"]
[BlackElo "2240"]
[PlyCount "69"]
[GameId "2160767911565054"]
[EventDate "2001.04.05"]
[EventType "swiss (rapid)"]
[EventRounds "6"]
[EventCountry "CAN"]

1. e4 e6 2. d4 d5 3. e5 c5 4. c3 Nc6 5. Nf3 Qb6 6. Bd3 cxd4 7. cxd4 Bd7 8. O-O Nxd4 9. Nxd4 Qxd4 10. Nc3 a6 11. Re1 Ne7 12. Qc2 Nc6 13. Be3 Qxe5 14. Bc5 Qh5 15. Be2 Qg5 16. h4 Qxh4 17. Nxd5 Bxc5 18. Qxc5 exd5 19. Bxa6+ Ne7 20. Bxb7 Rd8 21. a4 h5 22. a5 Rh6 23. a6 Rg6 24. a7 Rxg2+ 25. Kf1 Bh3 26. Ke2 Bg4+ 27. Kd3 Bf5+ 28. Kc3 Rxf2 29. Rxe7+ Qxe7 30. Bc6+ Kf8 31. Qxf2 d4+ 32. Kd2 Qb4+ 33. Kd1 Bg4+ 34. Kc1 Qc4+ 35. Kd2 0-1

[Event "RA Rats"]
[Site "Ottawa CAN"]
[Date "2001.04.12"]
[Round "2.1"]
[White "Pacey, Kevin"]
[Black "Burgess, Doug"]
[Result "1-0"]
[WhiteElo "2240"]
[BlackElo "1823"]
[PlyCount "61"]
[GameId "2160767911565055"]
[EventDate "2001.04.05"]
[EventType "swiss (rapid)"]
[EventRounds "6"]
[EventCountry "CAN"]

1. e4 d5 2. Nc3 d4 3. Nce2 e5 4. Ng3 Nf6 5. Nf3 Bd6 6. Bc4 O-O 7. O-O Be6 8. Bxe6 fxe6 9. c3 Nc6 10. Qb3 Qc8 11. cxd4 Nxd4 12. Nxd4 exd4 13. d3 Kh8 14. Bd2 e5 15. Rac1 c5 16. Nf5 Ne8 17. Qd5 Qc6 18. Qxc6 bxc6 19. Bg5 Rf7 20. Nxd6 Nxd6 21. Rxc5 h6 22. Bd2 Rb8 23. b3 Rb6 24. Rxe5 Nb5 25. Re8+ Kh7 26. e5 Rbb7 27. Rc1 Nc3 28. Bxc3 dxc3 29. Rxc3 Rfe7 30. Rxe7 Rxe7 31. f4 1-0

[Event "RA Rats"]
[Site "Ottawa CAN"]
[Date "2001.04.19"]
[Round "3.1"]
[White "Vukovic, Vladimir2"]
[Black "Pacey, Kevin"]
[Result "0-1"]
[WhiteElo "1700"]
[BlackElo "2240"]
[PlyCount "72"]
[GameId "2160767911565057"]
[EventDate "2001.04.05"]
[EventType "swiss (rapid)"]
[EventRounds "6"]
[EventCountry "CAN"]

1. e4 e5 2. Nf3 Nc6 3. Bb5 a6 4. Bxc6 dxc6 5. O-O Qd6 6. d4 exd4 7. Qxd4 Qxd4 8. Nxd4 Bd7 9. Bg5 h6 10. Bf4 O-O-O 11. Nd2 Ne7 12. Rad1 Bg4 13. N4f3 Ng6 14. Bg3 Bb4 15. c3 Bd6 16. h3 Bxf3 17. gxf3 h5 18. Nc4 Bxg3 19. fxg3 h4 20. Kg2 c5 21. f4 hxg3 22. Kxg3 b5 23. Ne3 Ne7 24. Rxd8+ Rxd8 25. Rd1 Re8 26. h4 Ng8 27. Kf3 Nf6 28. e5 Nd7 29. Rg1 g6 30. Rg2 c4 31. Re2 c6 32. Ng4 Rh8 33. Rh2 Kd8 34. Kg3 Ke7 35. Rd2 Nc5 36. Rd6 Ne4+ 0-1

[Event "RA Rats"]
[Site "Ottawa CAN"]
[Date "2001.04.19"]
[Round "3.2"]
[White "Pacey, Kevin"]
[Black "Vukovic, Vladimir2"]
[Result "1-0"]
[WhiteElo "2240"]
[BlackElo "1700"]
[PlyCount "43"]
[GameId "2160767911565058"]
[EventDate "2001.04.05"]
[EventType "swiss (rapid)"]
[EventRounds "6"]
[EventCountry "CAN"]

1. e4 c5 2. Nf3 d6 3. d4 cxd4 4. Nxd4 Nc6 5. c4 Nf6 6. Nc3 e6 7. Be2 Be7 8. O-O a6 9. b3 O-O 10. Bb2 Qc7 11. Qd2 Nxd4 12. Qxd4 Qc5 13. Qxc5 dxc5 14. e5 Nd7 15. f4 b6 16. Rad1 f6 17. Bf3 Ra7 18. Ne4 Rd8 19. Nd6 Bxd6 20. Rxd6 Kf7 21. f5 exf5 22. e6+ 1-0

[Event "RA Spring op"]
[Site "Ottawa CAN"]
[Date "2001.03.24"]
[Round "2"]
[White "Simic, Dusan"]
[Black "Pacey, Kevin"]
[Result "0-1"]
[WhiteElo "2241"]
[BlackElo "2323"]
[PlyCount "122"]
[GameId "2160767911565112"]
[EventDate "2001.03.24"]
[EventType "swiss"]
[EventRounds "5"]
[EventCountry "CAN"]

1. e4 e5 2. Nf3 Nc6 3. Bc4 Nf6 4. Nc3 Bc5 5. d3 d6 6. h3 Na5 7. Bg5 Nxc4 8. dxc4 Be6 9. Qd3 h6 10. Bh4 Bb4 11. Nd2 Bxc3 12. Qxc3 Nxe4 13. Bxd8 Nxc3 14. Bxc7 Kd7 15. Ba5 Na4 16. O-O-O b6 17. Bb4 a5 18. Ba3 Nc5 19. Bxc5 dxc5 20. Nf3+ Kc7 21. Nxe5 Rhe8 22. Rhe1 f6 23. Ng6 Bxc4 24. b3 Bf7 25. Ne7 Rad8 26. Nf5 Rxd1+ 27. Kxd1 Rxe1+ 28. Kxe1 Bg6 29. Nxg7 Bxc2 30. Kd2 Bg6 31. Ne6+ Kd6 32. Nf4 Bh7 33. Ne2 b5 34. Nf4 Ke5 35. Nh5 Bg6 36. Ng3 Bb1 37. Kc3 b4+ 38. Kb2 Bd3 39. Kc1 f5 40. Kd2 Kd4 41. Ne2+ Bxe2 42. Kxe2 Kc3 43. g4 fxg4 44. hxg4 Kb2 45. f4 Kxa2 46. f5 c4 47. bxc4 b3 48. f6 b2 49. f7 b1=Q 50. f8=Q Qc2+ 51. Kf3 Qd1+ 52. Kg3 Qg1+ 53. Kh3 a4 54. Qb4 Qe3+ 55. Kg2 Qe4+ 56. Kg3 Qe5+ 57. Kg2 Qe2+ 58. Kg3 Qd3+ 59. Kg2 Qc2+ 60. Kg3 Qb3+ 61. Qxb3+ axb3 0-1

[Event "RA Spring op"]
[Site "Ottawa CAN"]
[Date "2001.03.24"]
[Round "3"]
[White "Pacey, Kevin"]
[Black "Nezirovic, Ozren"]
[Result "1-0"]
[WhiteElo "2323"]
[BlackElo "2005"]
[PlyCount "35"]
[GameId "2160767911565113"]
[EventDate "2001.03.24"]
[EventType "swiss"]
[EventRounds "5"]
[EventCountry "CAN"]

1. e4 c5 2. Nf3 d6 3. d4 cxd4 4. Nxd4 Nf6 5. Nc3 a6 6. Bc4 e6 7. O-O b5 8. Bb3 Be7 9. Qf3 Qc7 10. e5 dxe5 11. Ndxb5 axb5 12. Qxa8 Bb7 13. Nxb5 Qc6 14. Qxb8+ Kd7 15. Rd1+ Nd5 16. Qxh8 Qxb5 17. c4 Qb4 18. Qxg7 1-0

[Event "RA Spring op"]
[Site "Ottawa CAN"]
[Date "2001.03.25"]
[Round "5"]
[White "Djerkovic, Miladin"]
[Black "Pacey, Kevin"]
[Result "1-0"]
[WhiteElo "2261"]
[BlackElo "2323"]
[PlyCount "83"]
[GameId "2160767911565115"]
[EventDate "2001.03.24"]
[EventType "swiss"]
[EventRounds "5"]
[EventCountry "CAN"]

1. e4 e6 2. d4 d5 3. Nc3 Bb4 4. e5 c5 5. a3 Bxc3+ 6. bxc3 Ne7 7. Nf3 Nbc6 8. a4 Qa5 9. Bd2 Bd7 10. Bb5 a6 11. Bxc6 Bxc6 12. O-O h6 13. dxc5 Qxc5 14. Nd4 O-O 15. Qg4 Kh7 16. Rfe1 Bd7 17. Re3 f5 18. exf6 Rxf6 19. Rg3 Rg8 20. Qe2 e5 21. Qxe5 Nc6 22. Qc7 Bf5 23. Bxh6 Be6 24. Bf4 Bc8 25. Nf3 Kh8 26. Be5 Rxf3 27. gxf3 Qe7 28. Re1 Qxc7 29. Bxc7 Kh7 30. Rg5 g6 31. Rxd5 Rg7 32. Bb6 Rf7 33. Kg2 Ne7 34. Rd8 Bf5 35. Bd4 g5 36. Rh8+ Kg6 37. h4 gxh4 38. Kh2 Bxc2 39. Rxh4 Nc6 40. Kg3 Bxa4 41. Re6+ Kf5 42. Reh6 1-0

[Event "RA Summer Pickup #1"]
[Site "Ottawa CAN"]
[Date "2001.05.03"]
[Round "1"]
[White "Pacey, Kevin"]
[Black "Djerkovic, Miladin"]
[Result "1/2-1/2"]
[WhiteElo "2333"]
[BlackElo "2284"]
[PlyCount "50"]
[GameId "2160767911564860"]
[EventDate "2001.05.03"]
[EventType "swiss"]
[EventRounds "6"]
[EventCountry "CAN"]

1. e4 e5 2. Nf3 Nc6 3. Bc4 Bc5 4. b4 Bxb4 5. c3 Be7 6. d4 Na5 7. Nxe5 Nxc4 8. Nxc4 d5 9. exd5 Qxd5 10. Ne3 Qd8 11. O-O Nf6 12. c4 O-O 13. Nc3 c5 14. Ncd5 Nxd5 15. Nxd5 Bf6 16. Nxf6+ Qxf6 17. Ba3 Rd8 18. d5 b5 19. Bxc5 bxc4 20. Re1 Qf5 21. Qd4 Bb7 22. Re5 Qd3 23. Bxa7 Qxd4 24. Bxd4 Rxd5 25. Rxd5 Bxd5 1/2-1/2